LEADER 01127nam0-2200349---450- 001 990008147930403321 005 20130725101311.0 035 $a000814793 035 $aFED01000814793 035 $a(Aleph)000814793FED01 035 $a000814793 100 $a20050711d1947----km-y0itay50------ba 101 1 $afre 102 $aFR 105 $ay--------00yy 200 1 $aLettres a Olympias$fJean Chrysostome$gintroduction et traduction de Anne-Marie Malingrey 210 $aParis$cLes Éditions du Cerf$dstampa 1947 215 $a220 p.$d20 cm 225 1 $aSources chrétiennes$v13 500 10$aEpistulae ad Olympiadem$m$948821 676 $a251$v21$zita 700 0$aJohannes :$cChrysostomus$f$0400329 702 1$aMalingrey,$bAnne-Marie 801 0$aIT$bUNINA$gRICA$2UNIMARC 901 $aBK 912 $a990008147930403321 952 $aDDR-Fonti II- Ioannes Chrysost. Tr.2 Ad Olymp. epist.1$b1797 ddr$fDDR$m21-7184 952 $aP2B-590-S.C.-JOHANN.CHRYS.-4458F-1947$bBibl. 21698$fFLFBC 959 $aDDR 959 $aFLFBC 996 $aEpistulae ad Olympiadem$948821 997 $aUNINA LEADER 00996nam0-2200325---450- 001 990008602880403321 005 20080117123227.0 035 $a000860288 035 $aFED01000860288 035 $a(Aleph)000860288FED01 035 $a000860288 100 $a20080117d1980----km-y0itaa50------ba 101 0 $aita 102 $aIT 105 $ay-------001yy 200 1 $aAmbiente di lavoro e territorio 210 $aRoma$cEditrice sindacale italiana$d1980 215 $a238 p.$d21 cm 225 1 $aRassegna sindacale. Quaderni : periodico della Confederazione generale italiana del lavoro$v83 300 $aQuaderni monografici 610 0 $aEconomia del lavoro 676 $a331$v21$zita 710 02$aCGIL$9$0374915 801 0$aIT$bUNINA$gRICA$2UNIMARC 901 $aBK 912 $a990008602880403321 952 $a331 RAS 1$bIst. Psi. 1558$fFLFBC 959 $aFLFBC 996 $aAmbiente di lavoro e territorio$9712375 997 $aUNINA